00517nam a2200145Ia 4500008004100000020001800041041000800059082001800067100004700085245016400132250000600296260002700302300001200329650003000341210716s2016 xx 000 0 und d a9788126556830 aeng a658.3124 PEAG aPease, Gene; Byerly, Boyce; Fitz-enz, Jac. aHuman capital analytics: how to harness the potential of your organizations greatest asset.bHow to harness the potential of your organizations greatest asset. a1 aNew DelhibWILEYc2016 axiv,236 aHuman Resource Management